[Event "Tata Steel-A 73rd"]
[Site "Wijk aan Zee"]
[Date "2011.01.20"]
[Round "5"]
[White "Nakamura, Hikaru"]
[Black "Ponomariov, Ruslan"]
[Result "1/2-1/2"]
[WhiteElo "2751"]
[BlackElo "2744"]
[PlyCount "86"]
[EventDate "2011.01.14"]
[EventType "tourn"]
[EventRounds "13"]
[EventCountry "NED"]
[EventCategory "20"]
[SourceTitle "CBM 141"]
[Source "ChessBase"]
[SourceDate "2011.03.17"]
[SourceVersion "1"]
[SourceVersionDate "2011.03.17"]
[SourceQuality "1"]

1. d4 {Marin,Mihail} Nf6 2. c4 e6 3. Nc3 Bb4 4. Nf3 c5 5. g3 Nc6 6. Bg2 Ne4 7. Bd2 ({RR} 7. Qd3 Qa5) 7... Nxd2 ({RR} 7... Bxc3 8. bxc3 Na5 ({RR} 8... O-O 9. O-O Na5) 9. Bf4 d5 10. cxd5 Nxc3 11. Qc1 ({RR} 11. Qd3 Nxd5 12. dxc5 Nxf4 13. Qxd8+ Kxd8 14. gxf4 Bd7 15. Rb1 Rc8 16. Ne5 Be8 17. Bxb7 Rxc5 18. Ba6 f6 19. Nd3 Rc6 20. Nb4 Rb6) 11... cxd4 ({RR} 11... Nxd5 12. dxc5 Nxf4 13. Qxf4) 12. d6 Bd7 13. Nxd4 Rc8 14. Qd2 b5) 8. Qxd2 cxd4 9. Nxd4 Qb6 ({RR} 9... Ne5) 10. Nc2 ({RR} 10. e3 Ne5 11. b3 Qa5) 10... Be7 11. O-O ({RR} 11. Rd1 d6 12. O-O O-O 13. b3 Rd8 14. e3 Bd7 15. Nd4 Rac8 16. f4 Nxd4 17. exd4 ({RR} 17. Qxd4 Qc7) 17... d5 18. Rb1 ({RR} 18. c5 Bxc5) ({RR} 18. cxd5 Bb4 19. Rc1 exd5) 18... dxc4 19. bxc4 Qa5) 11... O-O 12. Rab1 ({RR} 12. Rfd1 Rd8 13. Rab1 d6 14. e3 Bd7 15. Nd4 a6 16. b4 Be8 17. Rdc1 Rac8 18. Nxc6 Bxc6 19. Ne2 Bxg2 20. Kxg2 Qc6+ 21. Kg1 Qe4 22. Qd4 Qf5 23. Kg2 Bf6 24. e4 Qg6 25. Qe3 h5 26. Nf4 Qh6 {Moroni,L (2546)-Hera,I (2610) Tornelo INT 2021 ½-½ (72)}) ({RR} 12. Rac1 Rd8 13. b3 d6 14. Rfd1 Bd7 15. Qe3 Qxe3 16. Nxe3 Be8 17. Rd2 a6 18. Na4 ({RR} 18. Rcd1 f5) 18... Rab8 19. Nb6 Kf8 20. Rcd1 Ne5 21. a4 Nd7 22. a5 Nxb6 23. axb6 Rdc8 24. b4 Bc6) 12... d6 13. b4 $146 ({RR} 13. Rfd1 Rd8 ({RR} 13... Rd8 14. Ne3 a6 15. b4 Qa7 16. a4 Bd7 17. a5 Ne5) 14. Ne3 a6 15. b4 Qa7 16. a4 Bd7 17. a5 Ne5 18. b5 axb5 19. Nxb5 Qxa5 20. Qxa5 Rxa5 21. Nxd6 Ba4 22. Nxb7 Bxd1 23. Nxd8 {½-½ (23) Sasikiran,K (2669)-Macieja,B (2612) Warsaw 2009}) ({RR} 13. Rfd1 Ne5 14. Qd4 Qc7 ({RR} 14... Qxd4 15. Rxd4 a6 16. Rbd1) 15. Ne3 Bd7 16. Rbc1 a6 ({RR} 16... Rfd8 17. Ncd5) ({RR} 16... Rfc8 17. b3 Be8 18. Bh3 Bf8 ({RR} 18... Rd8 19. Ned5 Qd7 20. Nxe7+ Qxe7 21. c5) 19. Ne4 Rd8) 17. b3 ({RR} 17. Ne4 Rfd8 18. Nxd6 Ba4) 17... f5 ({RR} 17... Rfe8 18. Ne4) 18. Qd2 Nf7 19. c5 Bc6 ({RR} 19... d5 20. Ncxd5 exd5 21. Nxd5 Qd8 22. Nxe7+ Qxe7 23. Qxd7) ({RR} 19... Qxc5 20. Ncd5) 20. cxd6 Bxd6 21. Bxc6 Qxc6 22. Ncd5 Qb5 23. a4 ({RR} 23. Nc7 Bxc7 24. Rxc7 Rfd8 25. Qc2 Rxd1+ 26. Qxd1 Rd8 27. Qc2) 23... Qxb3 24. Rb1 ({RR} 24. Ra1 exd5 25. Rdb1 Bb4 26. Qxb4 ({RR} 26. Qd4 Bc3) 26... Qxb4 27. Rxb4) 24... Qa3 ({RR} 24... Qxa4 25. Nb6 Qc6 26. Nxa8 Rxa8 27. Rbc1) 25. Nc4 Qc5 26. Nxd6 Qxd6 27. Nf6+ gxf6 {Feller,S (2657)-Romanishin,O (2530) Aix les Bains 2011 CBM 142 Extra [Marin,Mihail] ½-½ (61)}) 13... Rd8 14. Kh1 Bd7 15. Ne3 Bf8 16. b5 Na5 17. f4 Qc7 18. Rfc1 Rac8 19. Ne4 b6 20. Rc2 h6 21. Rf1 f5 22. Nf2 g6 23. Nd3 Bg7 24. Rfc1 Be8 25. Nd1 Qe7 26. Qb4 Rc7 27. e4 fxe4 28. Bxe4 Qf6 29. Bf3 Bf7 30. N1f2 Qd4 31. Ne5 Bxe5 32. fxe5 Qxe5 33. Ng4 Qg7 34. Rd1 h5 35. Nf2 Qe5 36. Re1 Qd4 37. Rd1 Qe5 38. Re1 Qf5 39. Be4 Qc5 40. Qb2 Qg5 41. Bd3 e5 42. Ne4 Qe7 43. Rf1 Kg7 1/2-1/2

[Event "Paris FIDE GP"]
[Site "Elancourt"]
[Date "2013.10.02"]
[Round "9"]
[White "Nakamura, Hikaru"]
[Black "Ponomariov, Ruslan"]
[Result "1/2-1/2"]
[WhiteElo "2772"]
[BlackElo "2756"]
[Annotator "ChessBase Website"]
[PlyCount "93"]
[EventDate "2013.09.22"]
[EventType "tourn"]
[EventRounds "11"]
[EventCountry "FRA"]
[EventCategory "20"]
[SourceTitle "CBM 157"]
[Source "ChessBase"]
[SourceDate "2013.11.12"]
[SourceVersion "1"]
[SourceVersionDate "2013.11.12"]
[SourceQuality "1"]
[TimeControl "40/7200:20/3600:900+30"]
[WhiteClock "2:00:00"]
[BlackClock "2:00:00"]

1. d4 {[%emt 0:00:03]} Nf6 {[%emt 0:00:07]} 2. c4 {[%emt 0:00:04]} e6 {[%emt 0:00:08]} 3. Nc3 {[%emt 0:00:20]} Bb4 {[%emt 0:00:14]} 4. Qc2 {[%emt 0:00:04]} d5 {[%emt 0:00:49]} 5. a3 {[%emt 0:00:18]} Bxc3+ {[%emt 0:00:28]} 6. Qxc3 {[%emt 0:00:09]} Ne4 {[%emt 0:00:18]} 7. Qc2 {[%emt 0:01:05]} c5 {[%emt 0:00:17]} 8. dxc5 {[%emt 0:02:15]} Nc6 {[%emt 0:00:19]} 9. e3 {[%emt 0:04:04]} Qa5+ {[%emt 0:00:56]} 10. Bd2 {[%emt 0:00:09]} Nxd2 {[%emt 0:00:10]} 11. Qxd2 {[%emt 0:00:09]} dxc4 {[%emt 0:01:24]} 12. Qxa5 {[%emt 0:07:36]} Nxa5 {[%emt 0:00:12]} 13. Rc1 {[%emt 0:00:03]} b5 {[%emt 0:02:51]} 14. cxb6 {[%emt 0:01:41]} Bb7 {[%emt 0:06:04]} 15. Nf3 {[%emt 0:17:59]} Ke7 {[%emt 0:11:40]} 16. Nd2 {[%emt 0:01:49] The players followed a long theoretical variation in the Nimzo-Indian. Nakamura played the new moves 16.Nd2 but it is unclear exactly how good this move is} (16. bxa7 Bxf3 17. gxf3 {½-½ Parligras,M (2625)-Adams,M (2733) Bundesliga 1112 2011 (5.1)}) ({RR} 16. bxa7 Bxf3 17. gxf3 Rxa7 18. Rc2 {½-½ (18) Nyzhnyk,I (2576)-Griffith,K (2407) New York USA 2024}) 16... axb6 {[%emt 0:03:07]} 17. Bxc4 {[%emt 0:13:53]} Rhd8 $146 {[%emt 0:30:10]} (17... Nxc4 18. Nxc4 Bxg2 19. Rg1 Be4 20. Nxb6 Rab8 21. Na4 Rhc8 22. Rxc8 Rxc8 23. Nc3 h6 24. Ke2 Bg6 25. Rc1 Bh5+ 26. f3 Rc4 27. Kf2 Rh4 28. Kg3 g5 29. Ne2 Ra4 30. Rc8 Bg6 31. Nc3 Ra6 32. Rc7+ Kd8 33. Rc4 Rd6 34. b4 Rd3 35. b5 Bf5 36. b6 Rd7 37. e4 Bg6 38. a4 f5 39. a5 {1-0 (39) Grigoryan,A (2216)-Kim,V (2047) Nevinomyssk 2009}) (17... Rac8 {Black had the choice of playing as he did in the game or immediately pinning the knight on c4 with 17...ac8, definitely the most logical way of continuing and maybe White would have had to solve a few issues. The continuation in the game gave Ponomariov enough compensation for the pawn and allowed him to simplify into an easily drawn rook endgame.}) ({RR} 17... Nxc4 18. Nxc4 Bxg2 19. Rg1 Be4 20. Nxb6 Rab8 21. Na4 Rhc8 22. Rxc8 Rxc8 23. Nc3 h6 24. Ke2 Bg6 25. Rc1 Bh5+ 26. f3 Rc4 27. Kf2 Rh4 28. Kg3 g5 29. Ne2 Ra4 30. Rc8 Bg6 31. Nc3 Ra6 32. Rc7+ {Grigoryan,A (2216)-Kim,V (2047) Nevinnomyssk 2009 1-0 (39)}) 18. Bb5 {[%emt 0:06:30]} Rac8 {[%emt 0:02:34]} 19. Rc3 {[%emt 0:01:10]} Rxc3 {[%emt 0:05:27]} 20. bxc3 {[%emt 0:00:05]} Rc8 {[%emt 0:00:51]} 21. c4 {[%emt 0:00:04]} Bxg2 {[%emt 0:03:16]} 22. Rg1 {[%emt 0:00:08]} Bd5 {[%emt 0:00:10]} 23. Rg4 {[%emt 0:01:27]} h5 {[%emt 0:05:22]} 24. Rh4 {[%emt 0:00:10]} Bc6 {[%emt 0:05:35]} 25. Rxh5 {[%emt 0:00:36]} Bxb5 {[%emt 0:00:51]} 26. Rxb5 {[%emt 0:00:41]} Nxc4 {[%emt 0:00:28]} 27. Nxc4 {[%emt 0:00:16]} Rxc4 {[%emt 0:00:03]} 28. Rxb6 {[%emt 0:00:06]} Rh4 {[%emt 0:01:43]} 29. Ke2 {[%emt 0:01:07]} Rxh2 {[%emt 0:00:13]} 30. a4 {[%emt 0:00:10]} Rh4 {[%emt 0:03:30]} 31. a5 {[%emt 0:00:08]} Ra4 {[%emt 0:00:09]} 32. a6 {[%emt 0:00:03]} Ra2+ {[%emt 0:03:09]} 33. Kf3 {[%emt 0:01:35]} f5 {[%emt 0:00:57]} 34. Rb7+ {[%emt 0:00:04]} Kf6 {[%emt 0:00:07]} 35. a7 {[%emt 0:00:02]} g5 {[%emt 0:00:08]} 36. Kg3 {[%emt 0:00:13]} Ra3 {[%emt 0:00:32]} 37. f3 {[%emt 0:00:13]} g4 {[%emt 0:01:58]} 38. fxg4 {[%emt 0:00:27]} Rxe3+ {[%emt 0:00:08]} 39. Kf4 {[%emt 0:00:21]} Re4+ {[%emt 0:00:11]} 40. Kf3 {[%emt 0:00:00]} Ra4 {[%emt 0:00:00]} 41. gxf5 {[%emt 0:00:07]} exf5 {[%emt 0:00:32]} 42. Rc7 {[%emt 0:00:05]} Ke5 {[%emt 0:00:16]} 43. Re7+ {[%emt 0:00:05]} Kd6 {[%emt 0:00:07]} 44. Re8 {[%emt 0:00:09]} Rxa7 {[%emt 0:00:06]} 45. Kf4 {[%emt 0:00:04]} Re7 {[%emt 0:00:06]} 46. Rxe7 {[%emt 0:00:04]} Kxe7 {[%emt 0:00:03]} 47. Kxf5 1/2-1/2

[Event "Norway Chess 2024"]
[Site "Stavanger, Norway"]
[Date "2024.05.30"]
[Round "7.2"]
[White "Nakamura, Hikaru"]
[Black "Praggnanandhaa R"]
[Result "1-0"]
[WhiteElo "2794"]
[BlackElo "2747"]
[Annotator "Stockfish 16.1 - Chessbase"]
[PlyCount "171"]
[EventDate "2024.??.??"]

1. d4 {[%eval 14,0]} Nf6 {[%eval 17,0]} 2. c4 {[%eval 21,0]} e6 {[%eval 21,0]} 3. Nc3 {[%eval 18,0]} Bb4 {[%eval 17,0]} 4. e3 {[%eval 6,0]} O-O {[%eval 11,0]} 5. Bd2 {[%eval 1,0]} c5 {[%eval 7,0]} 6. a3 {[%eval 17,0]} Bxc3 {[%eval 21,0]} 7. Bxc3 {[%eval 12,0]} Ne4 {[%eval 16,0]} 8. Ne2 {[%eval 12,0]} b6 {[%eval 8,0]} 9. d5 {[%eval 8,0]} Ba6 {[%eval 14,0]} 10. b3 {[%eval 8,0]} b5 {[%eval 8,0]} 11. Qc2 {[%eval 15,0]} exd5 {[%eval 6,0]} 12. cxd5 {[%eval 9,0]} Nxc3 {[%eval 5,0]} 13. Qxc3 $146 {[%eval 0,0]} ({RR} 13. Nxc3 b4 14. Bxa6 Nxa6 15. axb4 Nxb4 16. Qd2 d6 17. O-O Qb6 18. Ra4 Rfb8 19. Rfa1 a5 20. h3 h6 21. R1a3 Ra7 22. Qe2 Qb7 23. e4 Rba8 24. f4 Ra6 25. Kh1 Kh8 26. Kg1 Kg8 27. Kh1 Kh8 {½-½ Sevcikova,L (2009)-Butenandt,S (2197) Fredericia WIM 2024 Fredericia DEN (9.4)}) 13... d6 {[%eval 0,0]} 14. Ng3 {[%eval 5,0]} Nd7 {[%eval 6,0]} 15. Be2 {[%eval 4,0]} Nf6 {[%eval 2,0]} 16. Qd2 {[%eval 9,0]} Re8 $146 {[%eval 8,0]} ({RR} 16... g6 17. e4 Re8 18. f3 c4 19. b4 Qb6 20. h4 h5 21. Nf5 Re5 22. Qh6 gxf5 23. Qxf6 fxe4 24. fxe4 Qe3 25. Rf1 Qc3+ 26. Kf2 Rf8 27. Bf3 Qd4+ 28. Kg3 Rxd5 29. Qxd4 Rxd4 30. Rad1 {½-½ (30) Malek,J (2482)-Talibov,S (2395) Prague CZE 2024}) 17. f3 {[%eval 7,0]} Qb6 {[%eval 26,0]} 18. e4 {[%eval 28,0]} Bc8 {[%eval 23,0]} 19. a4 {[%eval 2,0]} Bd7 $6 {[%eval 104,0] Inaccuracy. bxa4 was best.} (19... bxa4 20. bxa4) 20. axb5 {[%eval 109,0]} Bxb5 {[%eval 98,0]} 21. Bxb5 {[%eval 103,0]} Qxb5 {[%eval 102,0]} 22. Nf5 {[%eval 106,0]} Nxe4 $6 {[%eval 196,0] Inaccuracy. Qb6 was best.} (22... Qb6 23. O-O Nd7 24. Qa5 Reb8 25. Qa6 g6 26. Nxd6 Qxb3 27. Qc6 Ne5 28. Qxc5) 23. fxe4 {[%eval 201,0]} Rxe4+ {[%eval 207,0]} 24. Kf2 {[%eval 205,0]} Re5 {[%eval 216,0]} 25. Nxd6 {[%eval 200,0]} Qb6 {[%eval 217,0]} 26. Nc4 {[%eval 223,0]} Qf6+ {[%eval 213,0]} 27. Kg1 {[%eval 222,0]} Re2 {[%eval 228,0]} 28. Rf1 {[%eval 223,0]} Rxd2 {[%eval 203,0]} 29. Rxf6 {[%eval 209,0]} Rxd5 {[%eval 225,0]} 30. Rf3 {[%eval 226,0]} Rd1+ {[%eval 232,0]} 31. Rf1 {[%eval 204,0]} Rd3 {[%eval 214,0]} 32. Na5 {[%eval 227,0]} Rd2 {[%eval 235,0]} 33. h4 {[%eval 225,0]} Ra2 {[%eval 224,0]} 34. Nc4 {[%eval 231,0]} a5 {[%eval 275,0]} 35. Rh3 {[%eval 236,0]} a4 {[%eval 283,0]} 36. Nb6 {[%eval 287,0]} Rb8 {[%eval 297,0]} 37. Nxa4 {[%eval 275,0]} Rc2 {[%eval 282,0]} 38. Rf4 {[%eval 252,0]} h5 {[%eval 312,0]} 39. Rd3 {[%eval 316,0]} f6 {[%eval 314,0]} 40. Re4 {[%eval 276,0]} Rb7 {[%eval 304,0]} 41. Kh2 {[%eval 298,0]} Kf7 {[%eval 327,0]} 42. Kh3 {[%eval 261,0]} Kg6 {[%eval 303,0]} 43. Kg3 {[%eval 265,0]} Kh6 {[%eval 255,0]} 44. Kf3 {[%eval 241,0]} Kg6 {[%eval 287,0]} 45. Kg3 {[%eval 287,0]} Kh6 {[%eval 281,0]} 46. Kh2 {[%eval 205,0]} Kg6 {[%eval 206,0]} 47. Rg3+ {[%eval 274,0]} Kf7 {[%eval 291,0]} 48. Rf4 {[%eval 283,0]} Rb8 {[%eval 278,0]} 49. Rgf3 {[%eval 289,0]} Kg6 {[%eval 272,0]} 50. Kh3 {[%eval 252,0]} Kf7 $6 {[%eval 344,0] Inaccuracy. Kh6 was best.} (50... Kh6 51. Rg3 Rc1 52. Kh2 Rb7 53. Re4 Kh7 54. Rge3 Rc2 55. Rf3 Kg6 56. Rd3) 51. g3 {[%eval 304,0]} Kg6 {[%eval 322,0]} 52. Re4 {[%eval 276,0]} Kh6 {[%eval 283,0]} 53. Rfe3 {[%eval 279,0]} Rb5 {[%eval 277,0]} 54. Rd3 $6 {[%eval 201,0] Inaccuracy. Re8 was best.} (54. Re8 c4 55. bxc4 Rb1 56. Re1 Rxe1 57. Rxe1 Rxc4 58. Nb6 Rd4 59. Re6 Rd1) 54... Rb8 $6 {[%eval 308,0] Inaccuracy. Ra5 was best.} (54... Ra5 55. Nc3 Ra3 56. Re2 Rc1 57. Nb5 c4 58. Nxa3 cxd3 59. Rb2 Rc3 60. Kg2) 55. Rc4 {[%eval 298,0]} Rxc4 {[%eval 319,0]} 56. bxc4 {[%eval 309,0]} Rb4 {[%eval 329,0]} 57. Nxc5 {[%eval 324,0]} Rxc4 {[%eval 302,0]} 58. Ne6 {[%eval 311,0]} g5 {[%eval 296,0]} 59. Rd5 {[%eval 315,0]} gxh4 {[%eval 312,0]} 60. gxh4 {[%eval 291,0]} Kg6 {[%eval 296,0]} 61. Nd4 {[%eval 288,0]} Rc3+ {[%eval 315,0]} 62. Kg2 {[%eval 293,0]} Rd3 {[%eval 316,0]} 63. Nf5 {[%eval 305,0]} Ra3 {[%eval 300,0]} 64. Ng3 {[%eval 314,0]} Ra2+ {[%eval 309,0]} 65. Kf3 {[%eval 209,0]} Ra3+ {[%eval 303,0]} 66. Kf4 {[%eval 298,0]} Ra4+ {[%eval 313,0]} 67. Ne4 {[%eval 316,0]} Ra1 {[%eval 315,0]} 68. Rd6 {[%eval 308,0]} Rf1+ {[%eval 303,0]} 69. Ke3 {[%eval 324,0]} Rf5 {[%eval 315,0]} 70. Rc6 {[%eval 315,0]} Rf1 {[%eval 312,0]} 71. Ra6 {[%eval 296,0]} Rf5 {[%eval 316,0]} 72. Ra1 {[%eval 313,0]} Re5 {[%eval 304,0]} 73. Kd4 {[%eval 299,0]} Re6 {[%eval 305,0]} 74. Rf1 {[%eval 312,0]} Ra6 {[%eval 323,0]} 75. Nc3 {[%eval 307,0]} Ra3 {[%eval 319,0]} 76. Rf4 {[%eval 316,0]} Ra6 {[%eval 344,0]} 77. Nd5 {[%eval 331,0]} Re6 {[%eval 329,0]} 78. Re4 {[%eval 321,0]} Rd6 {[%eval 319,0]} 79. Rf4 {[%eval 338,0]} Re6 {[%eval 337,0]} 80. Kd3 {[%eval 315,0]} Kf7 {[%eval 334,0]} 81. Ra4 {[%eval 324,0]} Rd6 $6 {[%eval 402,0] Inaccuracy. Re1 was best.} (81... Re1 82. Nf4 Rd1+ 83. Ke3 Rh1 84. Nxh5 Kg6 85. Ng3 Rb1 86. Kf4 Rb2 87. Kg4) 82. Ke4 {[%eval 415,0]} Re6+ {[%eval 412,0]} 83. Kf3 {[%eval 401,0]} Re5 {[%eval 401,0]} 84. Ra7+ {[%eval 428,0]} Kg6 {[%eval 428,0]} 85. Nf4+ {[%eval 308,0]} Kf5 $4 {[%eval 32744,0] Checkmate is now unavoidable. Kh6 was best.} (85... Kh6 86. Ra6 Kg7 87. Rd6 Ra5 88. Rd5 Ra1 89. Nxh5+ Kh6 90. Nf4 Rh1 91. Kg4) 86. Rh7 {[%eval 32746,0]} 1-0

[Event "12th Norway Chess 2024"]
[Site "Stavanger NOR"]
[Date "2024.05.30"]
[Round "4.2"]
[White "Nakamura, Hi"]
[Black "Praggnanandhaa, R.."]
[Result "1-0"]
[WhiteElo "2794"]
[BlackElo "2747"]
[PlyCount "171"]
[EventDate "2024.05.27"]

1. d4 Nf6 2. c4 e6 3. Nc3 Bb4 4. e3 O-O 5. Bd2 c5 6. a3 Bxc3 7. Bxc3 Ne4 8. Ne2 b6 9. d5 Ba6 10. b3 b5 11. Qc2 exd5 12. cxd5 Nxc3 13. Qxc3 d6 14. Ng3 Nd7 15. Be2 Nf6 16. Qd2 Re8 $146 ({RR} 16... g6 17. e4 Re8 18. f3 c4 19. b4 Qb6 20. h4 h5 21. Nf5 Re5 22. Qh6 gxf5 23. Qxf6 fxe4 24. fxe4 Qe3 25. Rf1 Qc3+ 26. Kf2 Rf8 27. Bf3 Qd4+ 28. Kg3 Rxd5 29. Qxd4 Rxd4 30. Rad1 {½-½ (30) Malek,J (2482)-Talibov,S (2395) Prague CZE 2024}) 17. f3 Qb6 18. e4 Bc8 19. a4 Bd7 20. axb5 Bxb5 21. Bxb5 Qxb5 22. Nf5 Nxe4 23. fxe4 Rxe4+ 24. Kf2 Re5 25. Nxd6 Qb6 26. Nc4 Qf6+ 27. Kg1 Re2 28. Rf1 Rxd2 29. Rxf6 Rxd5 30. Rf3 Rd1+ 31. Rf1 Rd3 32. Na5 Rd2 33. h4 Ra2 34. Nc4 a5 35. Rh3 a4 36. Nb6 Rb8 37. Nxa4 Rc2 38. Rf4 h5 39. Rd3 f6 40. Re4 Rb7 41. Kh2 Kf7 42. Kh3 Kg6 43. Kg3 Kh6 44. Kf3 Kg6 45. Kg3 Kh6 46. Kh2 Kg6 47. Rg3+ Kf7 48. Rf4 Rb8 49. Rgf3 Kg6 50. Kh3 Kf7 51. g3 Kg6 52. Re4 Kh6 53. Rfe3 Rb5 54. Rd3 Rb8 55. Rc4 Rxc4 56. bxc4 Rb4 57. Nxc5 Rxc4 58. Ne6 g5 59. Rd5 gxh4 60. gxh4 Kg6 61. Nd4 Rc3+ 62. Kg2 Rd3 63. Nf5 Ra3 64. Ng3 Ra2+ 65. Kf3 Ra3+ 66. Kf4 Ra4+ 67. Ne4 Ra1 68. Rd6 Rf1+ 69. Ke3 Rf5 70. Rc6 Rf1 71. Ra6 Rf5 72. Ra1 Re5 73. Kd4 Re6 74. Rf1 Ra6 75. Nc3 Ra3 76. Rf4 Ra6 77. Nd5 Re6 78. Re4 Rd6 79. Rf4 Re6 80. Kd3 Kf7 81. Ra4 Rd6 82. Ke4 Re6+ 83. Kf3 Re5 84. Ra7+ Kg6 85. Nf4+ Kf5 86. Rh7 1-0

[Event "London Classic"]
[Site "London"]
[Date "2009.12.10"]
[Round "3"]
[White "Nakamura, Hikaru"]
[Black "Short, Nigel D"]
[Result "1/2-1/2"]
[WhiteElo "2715"]
[BlackElo "2707"]
[Annotator "Krasenkow,Michal"]
[PlyCount "85"]
[EventDate "2009.12.08"]
[EventType "tourn"]
[EventRounds "7"]
[EventCountry "ENG"]
[EventCategory "18"]
[SourceTitle "CBM 134"]
[Source "ChessBase"]
[SourceDate "2010.01.18"]
[SourceVersion "1"]
[SourceVersionDate "2010.01.18"]
[SourceQuality "1"]

1. d4 Nf6 2. c4 e6 3. Nc3 Bb4 4. e3 b6 5. Nge2 Ne4 6. Bd2 Nxd2 7. Qxd2 Nc6 $5 $146 {[%cal Ye6e5][%mdl 8] An original but hardly a good move, instead of the normal} (7... O-O {or}) (7... Bb7) ({RR} 7... d5 8. cxd5 exd5 9. a3 Be7 10. g3 c6 11. Bg2 Nd7 12. O-O O-O 13. b4 a6 14. Nf4 Nf6 15. Nd3 Bf5 16. Ne5 Rc8 17. Rac1 Nd7 18. Nxd7 Qxd7 19. Na4 Rb8 20. Qd1 Qe6 21. Rc3 Qg6 22. Qe2 {Kharlov,A (2656)-Kortschnoj,V (2617) Kazan 2001 ½-½ (66)}) ({RR} 7... O-O 8. a3 Bxc3 9. Nxc3 Bb7 10. d5 d6 11. Be2 Nd7 12. O-O a5 13. b4 Qe7 14. Rac1 axb4 15. axb4 Nf6 16. Bf3 e5 17. e4 Bc8 18. g3 Bd7 19. Ra1 Rfc8 20. Rfc1 Qf8 21. Rab1 h6 22. Qe2 {Soriano Quispe,I (2361)-Delgado Ramirez,N (2489) Caioba BRA 2025 ½-½ (67)}) 8. a3 (8. Nf4 $5 Bd6 (8... e5 9. dxe5 Nxe5 10. Nfd5) 9. g3 $14) 8... Be7 9. Nf4 Bg5 $146 ({RR} 9... Bb7 10. Bd3 e5 11. dxe5 Nxe5 12. Be2 O-O 13. O-O Re8 14. Nfd5 Bf8 15. f4 Ng6 16. e4 d6 17. Rae1 a6 18. Bd3 c6 19. Ne3 b5 20. Nf5 Ne7 21. Nxe7+ Bxe7 22. cxb5 axb5 23. Bb1 Qb6+ 24. Kh1 {Gardner,R (2213)-Short,N (2682) Edmonton 2013 0-1 (39)}) 10. b4 {A double-edged move. White should now reckon with ...a7-a5.} (10. Be2 $14) (10. d5 $5 Ne5 11. Nh5 $1 $14 {[%cal Yf1e2,Yf2f4]}) 10... Bb7 11. d5 (11. Be2 a5 12. b5 Ne7 $132) 11... Ne5 12. Rc1 {It was not necessary to give up the a-file but White apparently doesn't spoil anything.} (12. Nh5 $5 {was still possible but after} Bh6 13. Be2 Qh4 {Black now obtained good counterplay.}) (12. Be2 $5 a5 13. O-O O-O 14. Nh5 $14 {was probably the simplest way to consolidate his position and keep a small plus.}) 12... O-O 13. Be2 a5 14. O-O axb4 15. axb4 Bxf4 (15... Be7 16. Qb2 Bf6 17. Rfd1 $14) (15... Ng6 16. Nh5 $14) 16. exf4 Ng6 17. Rfe1 (17. g3 $5 c6 $140 18. Rfd1) 17... c6 (17... Qe7 18. Nb5) 18. g3 cxd5 19. cxd5 Ne7 20. Bf3 Ra3 21. Be4 $6 {Too slow.} (21. d6 $5 Nc6 (21... Bxf3 22. dxe7 Qxe7 23. Re3 {[%cal Rc3d5,Re3f3]}) 22. f5 $1 $16) 21... Qa8 22. Rcd1 h6 23. Qd4 Nxd5 24. Nxd5 Bxd5 25. Bxd5 Qxd5 26. Qxd5 exd5 27. Rxd5 $14 {[%mdl 4096] The endgame is more pleasant for White but Black eventually holds on.} Ra7 28. Rd6 Rb7 29. f5 f6 30. Red1 Rc8 31. Kg2 Rc4 32. R1d4 Rxd4 33. Rxd4 Rc7 34. Kf3 Rc2 35. h4 h5 36. Rd5 Rc4 37. Rb5 Rc6 38. Rd5 Rc4 39. b5 Rb4 40. Ke3 Kf8 41. Rxd7 Rxb5 42. Rb7 Rxf5 43. Rxb6 1/2-1/2

[Event "American Cup Champ"]
[Site "Saint Louis USA"]
[Date "2023.03.26"]
[Round "4.4"]
[White "Nakamura, Hi"]
[Black "So, W.."]
[Result "0-1"]
[WhiteElo "2768"]
[BlackElo "2761"]
[PlyCount "124"]
[EventDate "2023.03.17"]
[EventType "k.o."]

1. d4 Nf6 2. c4 e6 3. Nc3 Bb4 4. e3 O-O 5. Bd2 d5 6. Nf3 b6 7. cxd5 exd5 8. Bd3 Bd6 9. O-O Re8 10. a3 $146 ({RR} 10. Qb1 Nbd7 11. b4 c5 12. bxc5 bxc5 13. Qc2 c4 14. Bf5 Nb6 15. Rab1 Ne4 16. Bxc8 Rxc8 17. Ne2 Qd7 18. Ba5 Rc6 19. Nc3 Bc7 20. Rfd1 Nxc3 21. Bxc3 Rh6 22. Ne5 Qe6 23. Rb5 f6 24. Nf3 g5 {Kretchetov,A (2144)-Gedajlovic,M (2343) Saint Louis 2022 0-1 (35)}) ({RR} 10. Re1 Bb7 11. Qc2 a6 12. e4 dxe4 13. Nxe4 Nxe4 14. Bxe4 Bxe4 15. Rxe4 Rxe4 16. Qxe4 Nd7 17. Bg5 Qe8 18. Qb7 b5 19. Re1 Qc8 20. Qe4 h6 21. Bh4 Nb6 22. Bg3 Qd7 23. Qb7 Qc8 24. Qc6 Qd7 {Caruana,F (2764)-So,W (2760) Stavanger NOR 2023 ½-½ (48)}) ({RR} 10. Nb5 Bf8 11. Ne5 c5 12. f4 Bb7 13. Be1 Ne4 14. Nc3 cxd4 15. exd4 Nc6 16. Nxe4 Nxe5 17. dxe5 dxe4 18. Bc4 Rc8 19. Qb3 Qd4+ 20. Bf2 Qxc4 21. Qd1 Bc5 22. Qg4 e3 23. Bh4 e2+ 24. Kh1 exf1=Q+ {Venkatesh,N (2175)-Bok,B (2583) chess.com INT 2025 0-1}) 10... c5 11. Rc1 c4 12. Bb1 Bg4 13. h3 Bh5 14. Qa4 Nbd7 15. Nh4 a6 16. Qc2 Ne4 17. Nf5 Bf3 18. Ng3 Bxg3 19. fxg3 Bh5 20. Nxd5 Be2 21. Rf4 Ndc5 22. dxc5 Bd3 23. Qd1 Qxd5 24. Be1 Qxc5 25. Bxd3 Qxe3+ 26. Kh2 Qxd3 27. Qg4 Rad8 28. Bc3 Nxc3 29. Rxc3 Qg6 30. Qh4 b5 31. Rcf3 Rd7 32. Rg4 Qd6 33. Rf6 Re6 34. Qg5 g6 35. Rgf4 Rxf6 36. Rxf6 Qe7 37. Qf4 Rd2 38. Rxg6+ hxg6 39. Qxd2 Qe5 40. h4 Kg7 41. Kh3 a5 42. g4 Qf6 43. h5 Qe5 44. h6+ Kh7 45. g5 b4 46. axb4 axb4 47. Qxb4 Qe3+ 48. g3 Qe6+ 49. Kh4 Qe4+ 50. g4 Qg2 51. Qb8 Qf2+ 52. Kh3 Qe3+ 53. Kh4 Qf2+ 54. Qg3 Qxb2 55. Qf4 Kg8 56. h7+ Kh8 57. Kg3 Qc3+ 58. Kg2 Qb2+ 59. Kf3 Qb3+ 60. Ke4 c3 61. Qd6 c2 62. Qc5 Kxh7 0-1